000
00358nam a22001217a 4500
999
_c
13547
_d
13547
082
_a
297.02
_b
ا خ ت
100
_a
محمّد اختر
245
_a
خزائن شریعت و طریقت
260
_a
کراچی
_b
کتب خانہ مظہری
_c
١٤٣٠ ھ
300
_a
٤٨٦ صفحات
650
_a
Islam, Khazain e Shariyat o Tariqat
942
_c
BK